Enfermeria medicoquirúrgica de Brunner y Suddarth / (Registro nro. 21439)

Detalles MARC
000 -LEADER
fixed length control field 01987nam a2200361 a 4500
003 - CONTROL NUMBER IDENTIFIER
control field CO-CtgCURN
005 - DATE AND TIME OF LATEST TRANSACTION
control field 20250515175124.0
008 - FIXED-LENGTH DATA ELEMENTS--GENERAL INFORMATION
fixed length control field 160627s2018 pau 000 0 eng d
020 ## - INTERNATIONAL STANDARD BOOK NUMBER
International Standard Book Number 978-84-17370-35-0 obra completa
020 ## - INTERNATIONAL STANDARD BOOK NUMBER
International Standard Book Number 978-84-17602-25-3 v.1
020 ## - INTERNATIONAL STANDARD BOOK NUMBER
International Standard Book Number 978-84-17602-26-0 v.2
040 ## - CATALOGING SOURCE
Original cataloging agency CO-CtgCURN
Language of cataloging spa
Transcribing agency coctgcurn
082 0# - DEWEY DECIMAL CLASSIFICATION NUMBER
Classification number 610.736
Item number B897
100 1# - MAIN ENTRY--PERSONAL NAME
Personal name Brunner, Lillian Sholtis.
245 10 - TITLE STATEMENT
Title Enfermeria medicoquirúrgica de Brunner y Suddarth /
Statement of responsibility, etc. Lillian Sholtis Brunner; Janice L. Hinkle; Kerry H. Cheever.
250 ## - EDITION STATEMENT
Edition statement Décimacuarta edición.
260 ## - PUBLICATION, DISTRIBUTION, ETC.
Place of publication, distribution, etc. Philadelphia :
Name of publisher, distributor, etc. Wolters Kluwer,
Date of publication, distribution, etc. 2018.
300 ## - PHYSICAL DESCRIPTION
Extent 2 volúmenes :
Other physical details ilustraciones en blanco y negro ;
Dimensions 28 cms.
336 ## - CONTENT TYPE
Source rdacontent
337 ## - MEDIA TYPE
Source rdamedia
Media type term sin mediacion
Media type code n
338 ## - CARRIER TYPE
Source rdacarrier
Carrier type term volumen
Carrier type code nc
500 ## - GENERAL NOTE
General note Incluye indice.--Titulo original :t Brunner , Suddarths textbook of medical-surgical nursing.
505 8# - FORMATTED CONTENTS NOTE
Formatted contents note Conceptos básicos en enfermería.--Conceptos biofísicos y psicosociales en la práctica de la enfermería. Conceptos y desafíos en la atención de los pacientes.-- Concpetos perioperatorios y atención de enfermería.-- Intercambioo de gases y función respiratoria.--Función cardiovascular y circulatoria.-- Función hemática.-- Función inmunitaria.--Función musculoesquelética.-- Función digestiva y gastrointestinal.--Función metabólica y endocrina.-- Función renal y de vías urinarias.-- Función reproductiva.-- Función tegumentaria.-- Función sensorial.-- Función neurológica.-- Desafíos de salud por enfermedades de la comunidad
650 #0 - SUBJECT ADDED ENTRY--TOPICAL TERM
Topical term or geographic name entry element Enfermería quirúrgica.
650 #0 - SUBJECT ADDED ENTRY--TOPICAL TERM
Topical term or geographic name entry element Pacientes.
650 #0 - SUBJECT ADDED ENTRY--TOPICAL TERM
Topical term or geographic name entry element Enfermería perioperatoria.
700 1# - ADDED ENTRY--PERSONAL NAME
Personal name Hinkle, Janice L.
700 1# - ADDED ENTRY--PERSONAL NAME
Personal name Cheever, Kerry H.
908 ## - PUT COMMAND PARAMETER (RLIN)
Put command parameter 160627
942 ## - ADDED ENTRY ELEMENTS (KOHA)
Koha item type Libros
Classification part 610.736
Item part B897
Source of classification or shelving scheme Dewey Decimal Classification
Suppress in OPAC No
Existencias
Withdrawn status Lost status Source of classification or shelving scheme Damaged status Not for loan Collection Home library Current library Shelving location Date acquired Inventory number Total checkouts Full call number Barcode Date last seen Date last checked out Copy number Price effective from Koha item type Public note
    Dewey Decimal Classification     General Miguel Henríquez Emiliani Miguel Henríquez Emiliani General 03/31/2025 024833 3 610.736 B897 024833 03/02/2026 02/21/2026 v.1 03/31/2025 Libros 610-CIENME
    Dewey Decimal Classification     General Miguel Henríquez Emiliani Miguel Henríquez Emiliani General 03/31/2025 024834 3 610.736 B897 024834 02/12/2026 02/10/2026 v.2 03/31/2025 Libros 610-CIENME